A brief course in the theory of functions of a real variable: an introduction to the theory of the integral
-д хадгалсан:
| Үндсэн зохиолч: | |
|---|---|
| Формат: | Ном |
| Хэл сонгох: | англи |
| Хэвлэсэн: |
Moscú
Mir
1976
|
| Нөхцлүүд: | |
| Шошгууд: |
Шошго нэмэх
Шошго байхгүй, Энэхүү баримтыг шошголох эхний хүн болох!
|
MARC
| LEADER | 00000nam a2200000 a 4500 | ||
|---|---|---|---|
| 001 | UCP0558 | ||
| 003 | CL-VaPUC | ||
| 008 | 990313e19760000ru |||||||||||||||||eng|d | ||
| 082 | 0 | 4 | |a 515.8 |b VUL |2 21 |
| 100 | 0 | |a Vulikh, B. Z |e author |9 425894 | |
| 245 | 1 | 2 | |a A brief course in the theory of functions of a real variable: an introduction to the theory of the integral |
| 300 | |a 356 p | ||
| 942 | |c BK | ||
| 945 | |d 19990313 00:00:00 |a crobeson | ||
| 260 | |a Moscú |b Mir |c 1976 | ||
| 650 | 0 | |a Funciones de variables reales |9 304566 | |
| 650 | 0 | |a Análisis funcional |9 269993 | |
| 650 | 0 | |a Teoría de conjuntos |9 265668 | |
| 650 | 0 | |a Espacios euclídeos |9 424238 | |
| 650 | 0 | |a Espacios métricos |9 269874 | |
| 650 | 7 | |a INTEGRALES ALEATORIAS |2 CL-VaPUC |9 425895 | |
| 583 | |a last modification |c 20171123 02:36:09 |k Rodrigo Vera | ||
| 999 | |c 279324 |d 279322 | ||
| 952 | |0 0 |1 0 |4 0 |6 515_800000000000000_VUL_1976 |7 0 |8 A |9 318384 |a BIBMAT |b BIBMAT |d 2019-11-20 |i 1324519 |o 515.8 VUL 1976 |p 1324519 |r 2025-01-07 |w 2019-11-20 |y BK |k MAT | ||